| 000 | 00781nam a2200241 a 4500 | ||
|---|---|---|---|
| 001 | BRL_566 | ||
| 005 | 20190320210813.0 | ||
| 008 | 030913s1923----mx-#######---#000-0#spa-# | ||
| 041 | _aspa | ||
| 044 | _amx | ||
| 050 | 4 |
_aF1219 _bP74 1923 |
|
| 100 | 1 |
_aPlancarte y Navarrete, Francisco _d1856-1920 _924307 |
|
| 245 | 1 | 0 |
_aPrehistoria de México _cObra Postuma del Ilmo. Sr. Arzobispo de Linares Dr. D. Francisco Plancarte y Navarrete |
| 260 |
_aTlalpam, D.F. (México) _bIprenta del Asilo ´Patricio Sanz´ _c1923 |
||
| 300 |
_a1014 p. _c24 cm. |
||
| 500 | _aAu593 | ||
| 500 | _aTiene algunas hojas desprendidas y pasta. | ||
| 650 | 1 | 4 |
_aMitología maya _99659 |
| 650 | 1 | 4 |
_aMitología Azteca _92487 |
| 651 | 4 |
_aMéxico _xAntigüedades _92765 |
|
| 902 | _aGRL | ||
| 942 |
_2lcc _cB |
||
| 999 |
_c9378 _d9378 |
||